Stories from ancient Egypt /

محفوظ في:

المؤلف الرئيسي: Tyldesley, Joyce A. (مؤلف)

مؤلفون آخرون: Heath, Julian, 1969-

التنسيق: كتاب

اللغة: English

منشور في: Bolton : Rutherford Press, 2005.

الموضوعات:

الوسوم: إضافة وسم

لا توجد وسوم, كن أول من يضع وسما على هذه التسجيلة!

رقم الطلب: GR355 .T95 2005

LEADER 00780namaa2200265 4500
001 16524
003 OSt
005 20250807092029.0
008 130303s2005 enka g 000 0 eng d
010 |a 2006404594 
020 |a 9780954762216 
040 |c ARCE Library 
050 4 |a GR355 .T95 2005 
100 1 |a Tyldesley, Joyce A.,   |e author 
245 1 0 |a Stories from ancient Egypt /   |c by Joyce Tyldesley ; illustrated by Julian Heath. 
264 1 |a Bolton :   |b Rutherford Press,   |c 2005. 
300 |a 107 pages :   |b Illustrations, map ;   |c 21 cm. 
500 |a Includes discussion questions. 
650 0 |a Egyptian literature. 
650 0 |a Tales  |z Egypt.  
650 0 |a Legends   |z Egypt. 
700 1 |a Heath, Julian,  |d 1969- 
901 |a reviewed 
942 |c BK  |2 lcc 
999 |c 14268  |d 14268